logo

Bir Sreshtho Munshi Abdur Rouf Library
Jhenaidah Cadet College

ISSB আই কিউ টেস্ট বুক / (Record no. 12640)

MARC details
000 -LEADER
fixed length control field 00810nam a2200241 a 4500
001 - CONTROL NUMBER
JCCL Control Number 12640
003 - CONTROL NUMBER IDENTIFIER
JCCL marc code BD-JhCC
005 - DATE AND TIME OF LATEST TRANSACTION
control field 20221024120142.0
008 - FIXED-LENGTH DATA ELEMENTS--GENERAL INFORMATION
fixed length control field 221024s2019 bg |||| |||| 000 0 ban d
020 ## - INTERNATIONAL STANDARD BOOK NUMBER
International Standard Book Number 9789845262224
035 ## - SYSTEM CONTROL NUMBER
system control number (BD-JhCC)12640
040 ## - CATALOGING SOURCE
Original cataloging agency BD-JhCC
Modifying agency BD-JhCC
041 ## - LANGUAGE CODE
Language code of Book Bangla
082 ## - DEWEY DECIMAL CLASSIFICATION NUMBER
Classification number 355
Author mark and Year RAN 2021
100 ## - MAIN ENTRY--PERSONAL NAME
Personal name রানা, এমডি. আমিনুল ইসলাম
245 ## - TITLE STATEMENT
Title ISSB আই কিউ টেস্ট বুক /
Statement of responsibility, etc এমডি. আমিনুল ইসলাম রানা,
260 ## - PUBLICATION, DISTRIBUTION, ETC. (IMPRINT)
Place of publication, distribution, etc ঢাকা :
Name of publisher, distributor, etc অনিন্দ্য প্রকাশ,
Date of publication, distribution, etc ২০১৯
300 ## - PHYSICAL DESCRIPTION
Pagination ২৩৯ পৃ. :
Dimensions ২১ সেমি.
650 ## - SUBJECT ADDED ENTRY--TOPICAL TERM
Topical term or geographic name as entry element Military Science
650 ## - SUBJECT ADDED ENTRY--TOPICAL TERM
Topical term or geographic name as entry element ISSB BD
650 ## - SUBJECT ADDED ENTRY--TOPICAL TERM
Topical term or geographic name as entry element Inter Service Selection Board
942 ## - ADDED ENTRY ELEMENTS (KOHA)
Source of classification or shelving scheme Dewey Decimal Classification
Koha item type Books
Holdings
Source of classification or shelving scheme Damaged status Not for loan Home library Current library Shelving location Date of accession Cost, normal purchase price Total Checkouts Full call number Barcode Date last seen Date checked out Copy number Koha item type Source of acquisition Method of acquisition Currency
Dewey Decimal Classification     JCC Rouf Library JCC Rouf Library General Stacks 10/24/2022 340.00 4 355 RAN 2021 17410 05/27/2024 05/21/2024 C-1 Books      
Dewey Decimal Classification     JCC Rouf Library JCC Rouf Library General Stacks 06/12/2023 450.00 2 355 RAN 2021 17822 02/19/2024 02/12/2024 C-1 Books জাতীয় গ্রন্থকেন্দ্র Gift/Donation BDT

JCC Library | Contacts | JCC Home

Last Update on 23 September 2017
Copyright @ 2017-2020 JCC Rouf Library
Rouf Library, Jhenidah Cadet College (JCC), Bangladesh